[Event "Hampstead op U2200 11-B"]
[Site "Hampstead"]
[Date "2013.11.30"]
[Round "2"]
[White "Young, Alwyn"]
[Black "Du Buf, Paul"]
[Result "0-1"]
[WhiteElo "1890"]
[BlackElo "2058"]
[PlyCount "55"]
[EventDate "2013.11.30"]
[EventType "swiss"]
[EventRounds "5"]
[EventCountry "ENG"]
[SourceTitle "EXT 2015"]
[Source "ChessBase"]
[SourceDate "2014.11.20"]
[SourceVersion "1"]
[SourceVersionDate "2014.11.20"]
[SourceQuality "1"]

1. d4 Nf6 2. Bg5 Ne4 3. Nf3 Nxg5 4. Nxg5 e5 5. Nf3 e4 6. Ne5 d6 7. Nc4 d5 8. Ne3 f5 9. g3 g5 10. c4 Bb4+ 11. Nd2 dxc4 12. Nexc4 b5 13. a3 Bxd2+ 14. Nxd2 a6 15. e3 h5 16. Be2 g4 17. h3 Kf7 18. h4 Be6 19. 0-0 Nc6 20. Rc1 Ne7 21. Nb3 Bd5 22. Nc5 c6 23. Qd2 Ng6 24. Kg2 f4 25. gxf4 Nxh4+ 26. Kh2 Nf3+ 27. Bxf3 Qh4+ 28. Kg1 0-1

[Event "Hampstead op U2200 06"]
[Site "Hampstead"]
[Date "2013.06.30"]
[Round "5"]
[White "Du Buf, Paul"]
[Black "Landau, Jonathan"]
[Result "1-0"]
[WhiteElo "2034"]
[BlackElo "1922"]
[PlyCount "55"]
[EventDate "2013.06.29"]
[EventType "swiss"]
[EventRounds "5"]
[EventCountry "ENG"]
[SourceTitle "EXT 2014"]
[Source "ChessBase"]
[SourceDate "2013.11.20"]
[SourceVersion "1"]
[SourceVersionDate "2013.11.20"]
[SourceQuality "1"]

1. e4 d6 2. d4 Nf6 3. Nc3 Nbd7 4. Be3 e5 5. d5 g6 6. h4 Bg7 7. Be2 h5 8. Qd2 Nc5 9. f3 a5 10. Nh3 Qe7 11. Nf2 Ng8 12. 0-0-0 Bh6 13. Bxh6 Nxh6 14. g4 hxg4 15. fxg4 Qf6 16. g5 Qxf2 17. Bb5+ c6 18. Qxf2 Ng4 19. dxc6 0-0 20. Qg3 bxc6 21. Bxc6 Rb8 22. Nd5 Nxe4 23. Ne7+ Kh7 24. Bxe4 Be6 25. Rxd6 Rfe8 26. h5 Rxe7 27. hxg6+ Kg8 28. Qh4 1-0